000 02914ngm a2200481 4500
003 dpl
005 20100315114635.0
007 DVD
008 ||||||sp199 xxu|||||c ||| 00| 0 ng d
010 _aDVD-006693-6700
024 _c69.00
_aSHE 881 F2
035 _aDVD-006693-6700
040 _aDPL
_cDPL
082 _aDVD MRIN
245 _aMr. India
_cSurinder Kapoor Presents
_h[videorecording] VCD/
260 _bShemaroo Home Entertainment
300 _a2 videodisc VCD;
_bsd., col. ;
_c4 3/4 in.
_fVCD
440 _aShemaroo Home Entertainment
500 _aMastered From The Original Film
500 _aThis Title in Completed with 2 Disc. Not to be sold individually.
500 _aFilmfare Award Winner: Best Actor (1988) Anil Kapoor
538 _aDolby Digital 5.1 - Hindi Subtitles: English
538 _aNTSC Format-All Regions, 16x9 Anamorphic (2:23.1 Aspect Ratio), Dual Layer
650 _aMotion Picture
700 _aKapoor, Bonny
700 _aKapoor, Shekhar
700 _aJaved Akhtar
700 _aSalim Javed
700 _aLaxmikant Pyarelal
700 _aKapoor, Anil
700 _aSridevi
700 _aPuri, Amrish
942 _cCF
_2ddc
_hDVD
_mMRIN
999 _c34670
_d34670